| 000 | 00642nam a22002057a 4500 | ||
|---|---|---|---|
| 999 |
_c16165 _d16165 |
||
| 003 | AR-CdUCM | ||
| 008 | 190502b ||||| |||| 00| 0 spa d | ||
| 040 |
_aMUNICIPALIDAD PROVINCIAL DEL CUSCO _cBIBLIOTECA MUNICIPAL DEL CUSCO |
||
| 082 |
_aEP / 372.64 / _bT79 |
||
| 245 | _aLos tres ositos / | ||
| 260 |
_aLima : _bEdiciones Com.Bel. |
||
| 300 |
_bilustraciones, _c26 cm. |
||
| 440 |
_aColección Animales Juguetones. _n3 _935454 |
||
| 650 |
_aAprendizaje _92143 |
||
| 650 |
_aCuentos infantiles _93927 |
||
| 650 |
_aTextos infantiles _933764 |
||
| 710 |
_aEditorial Navarrete. _918381 |
||
| 942 |
_2ddc _cLIBROS |
||
| 945 |
_aachl _d2019-05-02 |
||